[Event "Tournoi Skype 028A"]
[Site "Skype"]
[Date "????.??.??"]
[Round "1.34"]
[White "Vasquez, Oscar"]
[Black "L'Herbon De Lussats, Jean"]
[Result "0-1"]
[WhiteElo "1585"]
[BlackElo "1272"]
[PlyCount "62"]

1. e4 c5 2. f4 Nc6 3. Nf3 e6 4. Bc4 Be7 5. O-O Nf6 6. Nc3 O-O 7. d3 d5 8. exd5
exd5 9. Bb3 Be6 10. Qe1 a6 11. a3 b5 12. Ne2 Qb6 13. Be3 Ng4 14. Bf2 Nxf2 15.
Qxf2 d4 16. Bxe6 fxe6 17. Qe1 c4 18. Kh1 Rf6 19. Nh4 Raf8 20. g3 Bd6 21. Rf3 e5
22. Qf2 exf4 23. gxf4 Qb7 24. Rg1 b4 25. Qg2 Bxf4 26. Nxf4 Rxf4 27. Rg3 R8f7
28. Qd5 Kf8 29. dxc4 Rxh4 30. Qd6+ Ne7+ 31. R1g2 Rf1# 0-1

[Event "Tournoi Skype 028A"]
[Site "Skype"]
[Date "????.??.??"]
[Round "1.35"]
[White "Meza, Rafael"]
[Black "Alvarez, Juan Evangelista"]
[Result "1-0"]
[WhiteElo "1251"]
[BlackElo "1575"]
[PlyCount "65"]

1. c4 c5 2. Nf3 Nc6 3. Nc3 e5 4. e3 Nf6 5. Be2 d5 6. d4 cxd4 7. exd4 dxc4 8.
Nxe5 Nxe5 9. dxe5 Qxd1+ 10. Bxd1 Nd7 11. Nd5 Rb8 12. Bf4 Nc5 13. O-O Ne6 14.
Be3 Bd7 15. Bxa7 Rc8 16. Nb6 Rc7 17. Nxd7 Kxd7 18. Ba4+ Kc8 19. Bb6 Re7 20.
Rac1 Nd8 21. Rxc4+ Nc6 22. Rd1 Rd7 23. Rxd7 Kxd7 24. Rf4 Ke6 25. Bb3+ Kxe5 26.
Bc7+ Bd6 27. Rxf7 Bxc7 28. Rxc7 Re8 29. Rxg7 Kf6 30. Rf7+ Kg5 31. h4+ Kg6 32.
Rxb7 Nd4 33. Bf7+ 1-0

[Event "Tournoi Skype 028A"]
[Site "Skype"]
[Date "????.??.??"]
[Round "1.36"]
[White "Silvestre Da Silva, Sidnei"]
[Black "Yeter, Orhan"]
[Result "0-1"]
[WhiteElo "1566"]
[BlackElo "1245"]
[PlyCount "106"]

1. d4 d5 2. Bf4 e6 3. e3 Bd6 4. Bg3 Nf6 5. Nf3 O-O 6. Bd3 Re8 7. Ne5 c5 8. c3
cxd4 9. exd4 Nc6 10. O-O Qc7 11. f4 a6 12. Qc2 b5 13. Nd2 b4 14. Rac1 bxc3 15.
bxc3 Bb7 16. Nxc6 Qxc6 17. Nb3 a5 18. Rb1 Rec8 19. Rfc1 Ba3 20. Rd1 Qxc3 21.
Qe2 a4 22. Be1 Qc7 23. Na5 Bc6 24. Nxc6 Qxc6 25. Bb5 Qd6 26. g3 Ne4 27. Rd3 Rc1
28. Rxc1 Bxc1 29. Qc2 Ba3 30. Bxa4 Bb4 31. Bxb4 Qxb4 32. Bb3 h5 33. Qd1 Rc8 34.
Rf3 Nd2 35. Rd3 Ne4 36. Rf3 g6 37. Rd3 Rc3 38. Rxc3 Qxc3 39. Kg2 Qb2+ 40. Bc2
Qxa2 41. Qe2 Nc3 42. Qf2 Qc4 43. Qe3 Nb5 44. Qd3 Qxd3 45. Bxd3 Nxd4 46. Kf2 Kg7
47. Ke3 Nc6 48. h4 Kf6 49. Kf3 e5 50. fxe5+ Nxe5+ 51. Ke3 Nxd3 52. Kxd3 Kf5 53.
Ke3 Kg4 0-1

[Event "Tournoi Skype 028A"]
[Site "Skype"]
[Date "????.??.??"]
[Round "1.37"]
[White "Ram, Madhukesh"]
[Black "Hurtado De Mendoza, Ramon Miguel"]
[Result "1-0"]
[WhiteElo "1243"]
[BlackElo "1549"]
[PlyCount "117"]

1. e4 Nf6 2. e5 Nd5 3. d4 Nc6 4. Nf3 d6 5. Bb5 Bd7 6. O-O a6 7. Bd3 Bg4 8. c3
dxe5 9. h3 Bxf3 10. Qxf3 exd4 11. Be4 e6 12. c4 Nde7 13. Bg5 Qd6 14. Rd1 Rb8
15. Nd2 Ne5 16. Qg3 N7g6 17. Bf4 Nxf4 18. Qxf4 Nxc4 19. Qf3 Nxd2 20. Rxd2 c6
21. Rad1 e5 22. Qg3 c5 23. Qf3 b6 24. Bc6+ Ke7 25. Re1 f6 26. b3 g6 27. Bd5 Rd8
28. Bc4 b5 29. Bd3 Rb8 30. Qg3 Bg7 31. h4 f5 32. Bxf5 Bf6 33. Bd3 Kd7 34. Rde2
Rbe8 35. h5 g5 36. Qf3 Kc7 37. Be4 Kb6 38. Qd3 Re7 39. Rc1 h6 40. Qg3 Rhe8 41.
Rec2 Rc7 42. Qf3 Rf8 43. Ba8 Be7 44. Qe4 Ra7 45. Rxc5 Qxc5 46. Rxc5 Bxc5 47.
Bd5 Rf6 48. Qd3 a5 49. a4 bxa4 50. bxa4 Bb4 51. Qb5+ Kc7 52. Be4 Re6 53. Qc4+
Kd6 54. Bd5 Rf6 55. Bg8 Re7 56. Qa6+ Kd7 57. Qxf6 d3 58. Qf5+ Kd8 59. Qxd3+ 1-0

[Event "Tournoi Skype 028A"]
[Site "Skype"]
[Date "????.??.??"]
[Round "1.38"]
[White "Aranzubia, Desiderio"]
[Black "Trivedi, Viral"]
[Result "1/2-1/2"]
[WhiteElo "1548"]
[BlackElo "1230"]
[PlyCount "36"]

1. d4 d5 2. Nf3 c6 3. c4 Bf5 4. Nc3 e6 5. h3 Nd7 6. cxd5 exd5 7. Bf4 Ngf6 8.
Nh4 Bg6 9. e3 Ne4 10. Nxg6 hxg6 11. Nxe4 dxe4 12. a3 Nf6 13. Bc4 Qb6 14. Qc2
Be7 15. b4 O-O 16. O-O Rfe8 17. Rac1 a5 18. Qb3 Nd5 1/2-1/2

[Event "Tournoi Skype 028A"]
[Site "Skype"]
[Date "????.??.??"]
[Round "1.39"]
[White "Bankhede, Shivkumar"]
[Black "Sanchez Ruiz, Justo"]
[Result "0-1"]
[WhiteElo "1226"]
[BlackElo "1547"]
[PlyCount "48"]

1. d4 e6 2. c4 f5 3. Nc3 Nf6 4. Nf3 Be7 5. e3 b6 6. Be2 Bb7 7. O-O O-O 8. h3
Qe8 9. Ng5 h6 10. Nf3 Bd8 11. a3 d6 12. Re1 Nbd7 13. Bd3 Qh5 14. Be2 Qf7 15.
Qc2 Ne4 16. Nh4 Bxh4 17. Bf3 Bxf2+ 18. Kf1 Bxe1 19. Kxe1 Ndf6 20. Nxe4 Bxe4 21.
Bxe4 Nxe4 22. Bd2 Qg6 23. Bb4 Qg3+ 24. Kd1 Qxe3 0-1

[Event "Tournoi Skype 028A"]
[Site "Skype"]
[Date "????.??.??"]
[Round "1.40"]
[White "Grib, Johannes"]
[Black "Cayo, Ana Carolina"]
[Result "1/2-1/2"]
[WhiteElo "1542"]
[BlackElo "1214"]
[PlyCount "82"]

1. d4 d5 2. e3 Bf5 3. Bd3 Bxd3 4. Qxd3 a6 5. Nf3 Nf6 6. O-O e6 7. Nbd2 c5 8. b3
Nc6 9. c3 Bd6 10. g3 O-O 11. a4 cxd4 12. exd4 Qe7 13. Re1 Rac8 14. Ne5 Nd7 15.
Ndf3 f6 16. Nxc6 Rxc6 17. Ra2 Rfc8 18. Rc2 Qf7 19. Bb2 e5 20. dxe5 Nxe5 21.
Nxe5 Bxe5 22. Ree2 Qd7 23. f4 Bb8 24. c4 Ba7+ 25. Kg2 b5 26. axb5 axb5 27. cxb5
Rxc2 28. Rxc2 Rxc2+ 29. Qxc2 Qb7 30. Qc6 Qxc6 31. bxc6 Bb6 32. b4 Kf7 33. b5
Ke6 34. g4 d4 35. Kf3 Kd5 36. h4 Kc4 37. Ke2 Kxb5 38. Kd3 Kxc6 39. Bxd4 Bxd4
40. Kxd4 Kd6 41. Ke4 g6 1/2-1/2

[Event "Tournoi Skype 028A"]
[Site "Skype"]
[Date "????.??.??"]
[Round "1.41"]
[White "Yardimci, Ertan"]
[Black "Khetre, Gaurav"]
[Result "1-0"]
[WhiteElo "1208"]
[BlackElo "1540"]
[PlyCount "41"]

1. e4 e6 2. d4 d5 3. exd5 exd5 4. Nf3 Bg4 5. Be2 Nf6 6. h3 Bh5 7. Bf4 Bd6 8.
Bxd6 Qxd6 9. Nbd2 O-O 10. O-O Nbd7 11. c4 Rae8 12. Re1 Re7 13. cxd5 Qxd5 14.
Bc4 Rxe1+ 15. Qxe1 Qd6 16. Ne4 Nxe4 17. Qxe4 Bxf3 18. Qxf3 Qxd4 19. Qd5 Qxb2
20. Rd1 Nb6 21. Qxf7+ 1-0

[Event "Tournoi Skype 028A"]
[Site "Skype"]
[Date "????.??.??"]
[Round "1.42"]
[White "Casey, Eamonn"]
[Black "Zequeda, Javier"]
[Result "1-0"]
[WhiteElo "1538"]
[BlackElo "1183"]
[PlyCount "53"]

1. d4 d5 2. c4 e6 3. Nf3 Nf6 4. Nc3 Be7 5. Bg5 dxc4 6. e3 O-O 7. Bxc4 a6 8. a4
Bd7 9. O-O c6 10. Ne5 h6 11. Bh4 b5 12. axb5 cxb5 13. Nxb5 axb5 14. Rxa8 Qc7
15. Bd3 Bc8 16. Bxb5 Qb7 17. Qa4 g5 18. Bg3 Nh5 19. Ra7 Qe4 20. Rxe7 Nxg3 21.
hxg3 f6 22. Nc6 Nd7 23. Rxe6 Ne5 24. Ne7+ Kf7 25. Nxc8 Kxe6 26. Qa6+ Kf7 27.
Nd6+ 1-0

[Event "Tournoi Skype 028A"]
[Site "Skype"]
[Date "????.??.??"]
[Round "1.43"]
[White "Khunte, Aniruddha"]
[Black "Altinok, Selim"]
[Result "0-1"]
[WhiteElo "1174"]
[BlackElo "1536"]
[PlyCount "88"]

1. d4 Nf6 2. c4 g6 3. g3 Bg7 4. Bg2 O-O 5. Nf3 d6 6. Nc3 Nbd7 7. e4 e5 8. d5
Nc5 9. Bg5 h6 10. Bxf6 Bxf6 11. O-O a5 12. a3 a4 13. Nd2 Bg7 14. b4 axb3 15.
Nxb3 Nxb3 16. Qxb3 b6 17. a4 Ra5 18. Rfb1 f5 19. f3 h5 20. h4 f4 21. Kh2 fxg3+
22. Kxg3 Rf4 23. Rh1 Bf6 24. Ne2 Bxh4+ 25. Kh2 Bf2 26. Nxf4 exf4 27. Bh3 Qh4
28. Kg2 Qg3+ 29. Kf1 Bd4 30. Ra2 Bxh3+ 31. Rxh3 Qxh3+ 32. Ke2 Qg2+ 33. Ke1 Qg1+
34. Ke2 Qe3+ 35. Qxe3 Bxe3 36. Kd3 Kg7 37. Ra1 g5 38. Ra2 Kg6 39. Ra1 g4 40.
Ke2 g3 41. Kf1 Rc5 42. Kg2 Rxc4 43. a5 Rc2+ 44. Kh3 Rh2# 0-1

[Event "Tournoi Skype 028A"]
[Site "Skype"]
[Date "????.??.??"]
[Round "1.44"]
[White "Davis, Michael"]
[Black "Vello, Pablo"]
[Result "1/2-1/2"]
[WhiteElo "1530"]
[BlackElo "1135"]
[PlyCount "61"]

1. e4 e6 2. d4 d5 3. e5 c5 4. Nf3 Nc6 5. c3 Qb6 6. Bd3 Bd7 7. Bc2 Rc8 8. O-O
cxd4 9. cxd4 Nb4 10. Nc3 Nxc2 11. Qxc2 Ne7 12. Qd3 a6 13. a4 Nc6 14. Bd2 Bb4
15. b3 Bxc3 16. Bxc3 Nb4 17. Bxb4 Qxb4 18. Rac1 O-O 19. Rc2 Rxc2 20. Qxc2 Rc8
21. Qb2 Rc3 22. Nd2 Bc6 23. Rc1 Rxc1+ 24. Qxc1 Qxd4 25. Nf3 Qb4 26. Qe3 Qa3 27.
g3 Qa1+ 28. Kg2 d4 29. Qg5 g6 30. Qd8+ Kg7 31. Qf6+ 1/2-1/2

[Event "Tournoi Skype 028A"]
[Site "Skype"]
[Date "????.??.??"]
[Round "1.45"]
[White "Sharma, Akash"]
[Black "Asterio Dos Santos, Douglas"]
[Result "1-0"]
[WhiteElo "1181"]
[BlackElo "1503"]
[PlyCount "47"]

1. e4 d6 2. d4 b6 3. Bd3 Bb7 4. Nc3 Nd7 5. f4 Ngf6 6. Nf3 Rc8 7. h3 c5 8. d5 g6
9. Be3 Bg7 10. Qd2 O-O 11. g4 Kh8 12. O-O-O Re8 13. f5 Ne5 14. Be2 Qd7 15. Bh6
Nxf3 16. Bxf3 b5 17. Bxg7+ Kxg7 18. g5 Ng8 19. fxg6 fxg6 20. Bg4 e6 21. Bxe6
Rxe6 22. dxe6 Qxe6 23. Kb1 Bxe4 24. Rhe1 1-0

[Event "Tournoi Skype 028A"]
[Site "Skype"]
[Date "????.??.??"]
[Round "2.1"]
[White "Figueroa, Tomas"]
[Black "Mulrooney, Justin"]
[Result "1-0"]
[WhiteElo "2093"]
[BlackElo "1626"]
[PlyCount "45"]

1. d4 d5 2. c4 Nf6 3. cxd5 Nxd5 4. e4 Nf6 5. Bd3 e6 6. Nf3 Nc6 7. Nc3 Be7 8.
O-O O-O 9. e5 Nd5 10. Qe2 Ndb4 11. Bb1 Nxd4 12. Nxd4 Qxd4 13. Rd1 Qc5 14. Qe4
g6 15. Be3 Qc6 16. Qg4 Nd5 17. Bh6 Rd8 18. Be4 Qc4 19. Bg5 Qb4 20. a3 Qc5 21.
Na4 Nf6 22. Bxf6 Rxd1+ 23. Rxd1 1-0

[Event "Tournoi Skype 028A"]
[Site "Skype"]
[Date "????.??.??"]
[Round "2.2"]
[White "Hilton, Stephen"]
[Black "Mishra, Sourabh"]
[Result "1/2-1/2"]
[WhiteElo "1865"]
[BlackElo "1610"]
[PlyCount "71"]

1. d4 Nf6 2. c4 e6 3. Nc3 Bb4 4. e3 d5 5. Nf3 Nbd7 6. Be2 O-O 7. O-O Re8 8. Qc2
c6 9. a3 Bxc3 10. Qxc3 c5 11. dxc5 Nxc5 12. cxd5 Nce4 13. Qd4 Qxd5 14. b4 a6
15. Bb2 b5 16. Rfd1 Bb7 17. Qb6 Qc6 18. Qxc6 Bxc6 19. Rac1 Bd5 20. Ne5 Rac8 21.
f3 Rxc1 22. Rxc1 Nd2 23. e4 Bb3 24. Rc7 Ra8 25. Nxf7 Bc4 26. Bxf6 Bxe2 27. Bc3
Nc4 28. Ng5 e5 29. Ne6 g6 30. f4 Re8 31. f5 gxf5 32. exf5 Bg4 33. Ng7 Rf8 34.
h3 Bxf5 35. Nxf5 Rxf5 36. Rc6 1/2-1/2

[Event "Tournoi Skype 028A"]
[Site "Skype"]
[Date "????.??.??"]
[Round "2.3"]
[White "Calderon, Francisco"]
[Black "Benson, Paul"]
[Result "0-1"]
[WhiteElo "1604"]
[BlackElo "1839"]
[PlyCount "60"]

1. e4 c5 2. Nf3 g6 3. c3 Bg7 4. d3 Nc6 5. Be3 b6 6. Be2 e6 7. Nbd2 Nge7 8. Bf4
d5 9. O-O O-O 10. Re1 f5 11. exd5 Nxd5 12. Bg5 Qc7 13. Nf1 h6 14. Bd2 Kh7 15.
h3 Qe7 16. N3h2 Qf6 17. Bf3 Bd7 18. Rb1 Rad8 19. c4 Nde7 20. Qe2 Nd4 21. Qd1
Nec6 22. Bc3 Rfe8 23. Ng3 e5 24. Bxc6 Bxc6 25. Bxd4 Rxd4 26. Ne2 Rd7 27. Qc2 e4
28. Nc1 exd3 29. Nxd3 Rxe1+ 30. Nxe1 Be4 0-1

[Event "Tournoi Skype 028A"]
[Site "Skype"]
[Date "????.??.??"]
[Round "2.4"]
[White "Mora Gomez, Carlos Alberto"]
[Black "Hahnewald, Uwe"]
[Result "1/2-1/2"]
[WhiteElo "1600"]
[BlackElo "1823"]
[PlyCount "91"]

1. e4 d6 2. Nf3 Nf6 3. Nc3 e5 4. a3 a5 5. d4 Nbd7 6. dxe5 dxe5 7. Be2 c6 8. O-O
Be7 9. a4 O-O 10. Bc4 h6 11. Ba2 Qc7 12. Bd2 Nc5 13. Qe2 Be6 14. Be3 Bxa2 15.
Bxc5 Bxc5 16. Nxa2 Rfe8 17. b3 Rad8 18. Rad1 Rxd1 19. Rxd1 Ng4 20. Rf1 Rd8 21.
h3 Nf6 22. Nc1 Bf8 23. Nd3 Nd7 24. c4 f6 25. c5 b6 26. cxb6 Qxb6 27. Qc2 Nc5
28. Nxc5 Bxc5 29. Nd2 Bb4 30. Nc4 Qd4 31. Ne3 Qc3 32. Rd1 Rxd1+ 33. Qxd1 Qe1+
34. Qxe1 Bxe1 35. Nc4 Kf8 36. Kf1 Bb4 37. Ke2 Ke7 38. Kd3 Kd7 39. g4 Kc7 40. h4
Be1 41. h5 Bxf2 42. Nxa5 Kb6 43. b4 Be1 44. Nc4+ Kc7 45. Nd2 Bf2 46. a5 1/2-1/2

[Event "Tournoi Skype 028A"]
[Site "Skype"]
[Date "????.??.??"]
[Round "2.5"]
[White "Montalvo, Mario"]
[Black "Casey, Eamonn"]
[Result "1-0"]
[WhiteElo "1811"]
[BlackElo "1538"]
[PlyCount "49"]

1. c4 Nf6 2. d3 e6 3. Nf3 d5 4. cxd5 exd5 5. e3 Be7 6. Be2 O-O 7. O-O Nbd7 8.
b3 b6 9. Bb2 Bb7 10. Nbd2 Re8 11. Rc1 Rc8 12. Rc2 c5 13. Qa1 Nf8 14. Rfc1 Qd7
15. d4 cxd4 16. Nxd4 Rxc2 17. Rxc2 Rc8 18. Qc1 Rxc2 19. Qxc2 Ne6 20. Nf5 Bd8
21. Nf3 Qc8 22. Qb1 Ne4 23. Bd3 Nc3 24. Qe1 Bf6 25. Nd6 1-0

[Event "Tournoi Skype 028A"]
[Site "Skype"]
[Date "????.??.??"]
[Round "2.6"]
[White "Serrano Serrano, Samuel"]
[Black "Elias, Roberto"]
[Result "0-1"]
[WhiteElo "1600"]
[BlackElo "1782"]
[PlyCount "66"]

1. e4 c5 2. d4 cxd4 3. c3 d5 4. exd5 Qxd5 5. Nf3 Nc6 6. Be3 Bg4 7. cxd4 e5 8.
Nc3 Bb4 9. Be2 exd4 10. Bxd4 Nxd4 11. Qxd4 Qxd4 12. Nxd4 Bxc3+ 13. bxc3 Bxe2
14. Kxe2 Nf6 15. Rhe1 Kd7 16. Nf5 Rhe8+ 17. Kf1 Rxe1+ 18. Rxe1 g6 19. Re7+ Kc6
20. Nd4+ Kb6 21. Rxf7 Ne4 22. f3 Nxc3 23. Rxh7 Rd8 24. Nb3 Nxa2 25. Rg7 Rd6 26.
h4 Nc3 27. Re7 Nd5 28. Rf7 Ne3+ 29. Kf2 Nc4 30. g4 a5 31. g5 a4 32. Rf6 axb3
33. Rf4 Rc6 0-1

[Event "Tournoi Skype 028A"]
[Site "Skype"]
[Date "????.??.??"]
[Round "2.7"]
[White "Ricieri, Vinicius"]
[Black "Meza, Rafael"]
[Result "1-0"]
[WhiteElo "1781"]
[BlackElo "1251"]
[PlyCount "113"]

1. d4 Nf6 2. c4 e6 3. Nf3 b6 4. g3 Ba6 5. b3 Bb4+ 6. Bd2 Be7 7. Bg2 d5 8. Nc3
Bb7 9. O-O dxc4 10. bxc4 O-O 11. e3 c5 12. Ne2 Nbd7 13. Bc3 cxd4 14. Bxd4 Ne8
15. Rc1 Rc8 16. Ne5 Bxg2 17. Kxg2 Nxe5 18. Bxe5 Ba3 19. Qxd8 Rxd8 20. Rcd1 Nd6
21. Bxd6 Rxd6 22. Rxd6 Bxd6 23. Rd1 Rd8 24. Nc3 Be7 25. Rxd8+ Bxd8 26. Kf3 g6
27. e4 Bc7 28. Nb5 Bb8 29. Nd4 a5 30. Ke3 Kg7 31. Kd3 Bd6 32. Kc3 Kf6 33. f4 e5
34. fxe5+ Bxe5 35. Kd3 h6 36. Nc6 Bb2 37. c5 bxc5 38. Kc4 Ba3 39. Nxa5 Ke5 40.
Kd3 Bc1 41. Nc4+ Ke6 42. a4 Kd7 43. e5 Kc6 44. Ke4 Bg5 45. h4 Bd8 46. a5 Bc7
47. g4 h5 48. g5 Bb8 49. Ne3 Kb5 50. Kd5 c4 51. Nxc4 Ka6 52. Nd6 Ba7 53. Nxf7
Kxa5 54. e6 Bf2 55. e7 Bxh4 56. e8=Q Bf2 57. Nd6 1-0

[Event "Tournoi Skype 028A"]
[Site "Skype"]
[Date "????.??.??"]
[Round "2.8"]
[White "Mayor Martinez, Juan Jose"]
[Black "Ram, Madhukesh"]
[Result "1-0"]
[WhiteElo "1768"]
[BlackElo "1243"]
[PlyCount "97"]

1. c4 Nf6 2. d3 g6 3. Nc3 Bg7 4. Nf3 d6 5. h3 O-O 6. e3 e5 7. Be2 Nbd7 8. O-O
Ne8 9. Bd2 f5 10. Rb1 g5 11. Nh2 Nef6 12. e4 f4 13. Nd5 Kh8 14. Ng4 Rg8 15. b4
Nf8 16. Ndxf6 Bxf6 17. Nh6 Rg7 18. Bg4 Ne6 19. Nf5 Rg8 20. Bc3 Ng7 21. Nh6 Rf8
22. Bxc8 Rxc8 23. Qg4 Qe8 24. b5 b6 25. Rfd1 Qg6 26. Nf5 h5 27. Qf3 Rg8 28.
Nxg7 Rxg7 29. d4 Rcg8 30. dxe5 Bxe5 31. Bxe5 dxe5 32. Rd5 g4 33. hxg4 Qxg4 34.
Qxg4 Rxg4 35. Rxe5 Rxg2+ 36. Kh1 R2g5 37. Rd5 Rxd5 38. cxd5 Kg7 39. Rg1+ Kf7
40. Rxg8 Kxg8 41. e5 Kf7 42. Kh2 Kg6 43. Kh3 Kf7 44. Kh4 Kg6 45. f3 Kf5 46. e6
Kf6 47. Kxh5 c5 48. bxc6 Ke7 49. c7 1-0

[Event "Tournoi Skype 028A"]
[Site "Skype"]
[Date "????.??.??"]
[Round "2.9"]
[White "Thoune, Jim"]
[Black "Lopez, Jose Luis"]
[Result "0-1"]
[WhiteElo "1598"]
[BlackElo "1757"]
[PlyCount "46"]

1. d4 Nf6 2. c4 c5 3. d5 e6 4. Nc3 exd5 5. cxd5 d6 6. e4 g6 7. f3 Bg7 8. Be3 a6
9. Qd2 O-O 10. Bd3 b5 11. Nge2 Re8 12. O-O Nbd7 13. Kh1 Ne5 14. Nc1 Qe7 15. Bg5
Bd7 16. Rb1 b4 17. Nd1 a5 18. Ne3 Nxd3 19. Nxd3 Nxe4 20. fxe4 Qxg5 21. Rf4 Bh6
22. Re1 Bb5 23. Rg4 Qxg4 0-1

[Event "Tournoi Skype 028A"]
[Site "Skype"]
[Date "????.??.??"]
[Round "2.10"]
[White "Sanchez Ruiz, Justo"]
[Black "Sanchez Ruiz, Piedad Esmeralda"]
[Result "1/2-1/2"]
[WhiteElo "1547"]
[BlackElo "1721"]
[PlyCount "40"]

1. e4 e6 2. d4 d5 3. exd5 exd5 4. Bd3 Bd6 5. Nf3 Nf6 6. Qe2+ Qe7 7. Qxe7+ Bxe7
8. O-O O-O 9. c3 h6 10. Re1 Bd6 11. Nbd2 Nbd7 12. Nf1 Nb6 13. Ng3 Bd7 14. Nf5
Bxf5 15. Bxf5 Rfe8 16. Bd2 Rxe1+ 17. Rxe1 Kf8 18. h3 Re8 19. Rxe8+ Kxe8 20. Kf1
Nbd7 1/2-1/2

[Event "Tournoi Skype 028A"]
[Site "Skype"]
[Date "????.??.??"]
[Round "2.11"]
[White "Ortega, Elvis"]
[Black "Yardimci, Ertan"]
[Result "1-0"]
[WhiteElo "1712"]
[BlackElo "1208"]
[PlyCount "51"]

1. d4 Nf6 2. Bf4 d6 3. Nc3 g6 4. e4 Bg7 5. Qd2 Nbd7 6. O-O-O O-O 7. Bh6 e5 8.
dxe5 Nxe5 9. f3 Be6 10. h4 Qd7 11. g4 Bxh6 12. Qxh6 Nfxg4 13. fxg4 Nxg4 14. Qd2
h5 15. Nf3 Kg7 16. Nd4 a6 17. Be2 Ne5 18. Nxe6+ Qxe6 19. Rhg1 Kh7 20. Kb1 Nc4
21. Qd4 Nb6 22. Rdf1 Qe5 23. Qf2 Qe7 24. Bxh5 gxh5 25. Qf5+ Kh6 26. Rg5 1-0

[Event "Tournoi Skype 028A"]
[Site "Skype"]
[Date "????.??.??"]
[Round "2.12"]
[White "Altinok, Selim"]
[Black "Calcino, Luis"]
[Result "0-1"]
[WhiteElo "1536"]
[BlackElo "1706"]
[PlyCount "88"]

1. Nf3 d5 2. d4 c6 3. c4 Nf6 4. Nc3 dxc4 5. a4 Bf5 6. e3 e6 7. Bxc4 Be7 8. O-O
O-O 9. Bd3 Re8 10. e4 Bg4 11. Be3 Nbd7 12. e5 Nd5 13. Nxd5 exd5 14. Rc1 Rc8 15.
Bb1 Nf8 16. h3 Be6 17. Qd2 f6 18. a5 Kf7 19. b4 a6 20. exf6 gxf6 21. Nh4 Qd7
22. f4 Bxh3 23. gxh3 Qxh3 24. Nf5 Ne6 25. Kf2 Rg8 26. Ke2 Rg2+ 27. Rf2 Qg4+ 28.
Kd3 Qxf5+ 29. Kc3 Rxf2 30. Qxf2 Qh3 31. Rg1 Rg8 32. Rxg8 Kxg8 33. Qg1+ Kf7 34.
Bd3 f5 35. Bd2 Bf6 36. Be3 h5 37. Kd2 Qg4 38. Qh2 Bxd4 39. Be2 Bxe3+ 40. Kxe3
d4+ 41. Kd2 Qxf4+ 42. Qxf4 Nxf4 43. Bf3 h4 44. Ke1 Nd3+ 0-1

[Event "Tournoi Skype 028A"]
[Site "Skype"]
[Date "????.??.??"]
[Round "2.13"]
[White "Zendeboodi, Fariba"]
[Black "Rosales, Jhon Mike"]
[Result "1-0"]
[WhiteElo "1468"]
[BlackElo "1690"]
[PlyCount "49"]

1. d4 e6 2. Bf4 d5 3. e3 Nf6 4. Bd3 Nbd7 5. Nf3 Bd6 6. Bg3 O-O 7. Ne5 Ne4 8.
Nd2 Nxd2 9. Qxd2 f6 10. Nf3 e5 11. dxe5 fxe5 12. e4 Qe8 13. O-O-O Nc5 14. Rde1
Qa4 15. Kb1 Nxd3 16. Qxd3 dxe4 17. Rxe4 Qc6 18. Nxe5 Bxe5 19. Rxe5 Qxg2 20.
Rhe1 Qc6 21. Re7 Bf5 22. Qb3+ Kh8 23. Be5 Rg8 24. a3 Rae8 25. Bxg7+ 1-0

[Event "Tournoi Skype 028A"]
[Site "Skype"]
[Date "????.??.??"]
[Round "2.14"]
[White "L'Herbon De Lussats, Jean"]
[Black "Quintero Gemio, Antonio Joaquin"]
[Result "0-1"]
[WhiteElo "1272"]
[BlackElo "1673"]
[PlyCount "104"]

1. d4 d5 2. c4 e6 3. Nf3 c6 4. g3 f5 5. Bf4 Nf6 6. Nbd2 Bd6 7. Ne5 O-O 8. Ndf3
Ne4 9. c5 Bc7 10. b4 Nd7 11. Qc1 Nxe5 12. Nxe5 Bxe5 13. Bxe5 b6 14. f3 Nf6 15.
Bxf6 Qxf6 16. e3 Bd7 17. f4 b5 18. Bd3 Qd8 19. Qc2 a5 20. Rb1 axb4 21. Rxb4 Qa5
22. Qb3 Qxa2 23. Qxa2 Rxa2 24. O-O Rfa8 25. Rf2 Rxf2 26. Kxf2 Ra2+ 27. Be2 Be8
28. Ke1 Kf8 29. h3 Ke7 30. g4 fxg4 31. Bxg4 Bg6 32. Rb3 Bc2 33. Rb4 Ba4 34. Rb1
Rh2 35. Rb4 g6 36. Kf1 h5 37. Kg1 Rd2 38. Bf3 Kf6 39. Rb1 Kf5 40. Re1 Kf6 41.
Re2 Rxe2 42. Bxe2 Bc2 43. Kf2 b4 44. Ke1 b3 45. Kd2 Kf5 46. h4 Ke4 47. Ba6 Kf3
48. Bb7 Be4 49. Bxc6 b2 50. Ba4 b1=Q 51. Bd1+ Kf2 52. c6 Qb2+ 0-1

[Event "Tournoi Skype 028A"]
[Site "Skype"]
[Date "????.??.??"]
[Round "2.15"]
[White "Yeter, Orhan"]
[Black "Lovell, Stan"]
[Result "1-0"]
[WhiteElo "1245"]
[BlackElo "1651"]
[PlyCount "125"]

1. e4 d6 2. d4 Nf6 3. Nc3 Nbd7 4. Bd3 e5 5. dxe5 dxe5 6. Nf3 c6 7. O-O Qc7 8.
Re1 Be7 9. Bg5 h6 10. Bh4 Nf8 11. Bg3 Bd6 12. h3 g5 13. Nd2 Ng6 14. Nc4 Be7 15.
a4 a5 16. Be2 h5 17. Qd2 Be6 18. Qe3 Bxc4 19. Bxc4 h4 20. Bh2 g4 21. Ne2 Rh7
22. Kh1 O-O-O 23. c3 b6 24. b4 axb4 25. cxb4 Bxb4 26. Reb1 Ba5 27. Ba6+ Kb8 28.
Ra3 Rd6 29. Rab3 Ka7 30. Bc4 c5 31. Nc3 Bxc3 32. Rxc3 Rd4 33. Bd3 Qc6 34. a5
bxa5 35. Rb5 Nxe4 36. Rxa5+ Kb7 37. Bxe4 Rxe4 38. Qxc5 Qxc5 39. Raxc5 Re1+ 40.
Bg1 gxh3 41. Rxh3 Nf4 42. Rb3+ Ka6 43. Rc8 Ka7 44. f3+ Rxg1+ 45. Kxg1 Rg7 46.
Rc2 Rg6 47. Ra2+ Ra6 48. Rxa6+ Kxa6 49. Kh2 Ng6 50. Kh3 Ka7 51. Rb4 Ka6 52. Kg4
Ka7 53. Kf5 Ne7+ 54. Kg5 f6+ 55. Kxh4 Nd5 56. Rb1 Ne3 57. g4 Ng2+ 58. Kh5 Nf4+
59. Kh6 Ne6 60. Kg6 Nd4 61. Kxf6 Nxf3 62. g5 e4 63. g6 1-0

[Event "Tournoi Skype 028A"]
[Site "Skype"]
[Date "????.??.??"]
[Round "2.16"]
[White "Deville, Olivier"]
[Black "Sharma, Akash"]
[Result "1-0"]
[WhiteElo "1823"]
[BlackElo "1181"]
[PlyCount "45"]

1. d4 Nf6 2. c4 e6 3. Nf3 d5 4. g3 c6 5. Qc2 Be7 6. Bg2 Nbd7 7. O-O h5 8. Nbd2
b6 9. e4 dxe4 10. Nxe4 Bb7 11. Bf4 Nxe4 12. Qxe4 Nf6 13. Qe2 Kf8 14. Rad1 a5
15. Rfe1 Kg8 16. a3 Bd6 17. Ne5 h4 18. Nxf7 Kxf7 19. Qxe6+ Kf8 20. Bxd6+ Qxd6
21. Qxd6+ Kg8 22. Re7 Ba6 23. Qe6+ 1-0

[Event "Tournoi Skype 028A"]
[Site "Skype"]
[Date "????.??.??"]
[Round "2.17"]
[White "Mitrani, Alberto"]
[Black "Ibarra Cantu, Raul Alberto"]
[Result "0-1"]
[WhiteElo "1482"]
[BlackElo "1967"]
[PlyCount "98"]

1. c4 Nf6 2. Nf3 g6 3. g3 Bg7 4. Bg2 O-O 5. Nc3 d6 6. O-O Na6 7. d4 c5 8. a3
Rb8 9. b4 cxb4 10. axb4 Nxb4 11. Rxa7 Na6 12. Qb3 Nd7 13. Bb2 Qb6 14. Nb5 Nc7
15. Rfa1 Nxb5 16. cxb5 Nf6 17. Nd2 Be6 18. Nc4 Qc7 19. Rc1 Rfc8 20. b6 Qd8 21.
Bxb7 Rxc4 22. Rxc4 Bxc4 23. Qxc4 Qxb6 24. Qa2 Rxb7 25. Ra8+ Rb8 26. Rxb8+ Qxb8
27. Qa1 h5 28. Bc1 Qb3 29. Bg5 Kh7 30. e3 Qc2 31. Bxf6 Bxf6 32. Qa7 h4 33. Qd7
Qf5 34. Qe8 Kg7 35. Qc6 d5 36. Qb5 h3 37. Qe2 Qb1+ 38. Qf1 Qxf1+ 39. Kxf1 e5
40. dxe5 Bxe5 41. Ke2 f5 42. Kd3 Kf6 43. f4 Bc7 44. Kd4 Bb6+ 45. Kd3 Ke6 46.
Ke2 Kd6 47. Kd3 Kc5 48. Kc3 Kb5 49. Kd3 Kb4 0-1

[Event "Tournoi Skype 028A"]
[Site "Skype"]
[Date "????.??.??"]
[Round "2.18"]
[White "Leyton Calderon, Jairo Oswaldo"]
[Black "Rico Hernandez, Edgar"]
[Result "0-1"]
[WhiteElo "1526"]
[BlackElo "1772"]
[PlyCount "46"]

1. c4 Nf6 2. g3 e6 3. Bg2 d5 4. e3 c6 5. cxd5 exd5 6. Ne2 Bd6 7. Nbc3 Nbd7 8.
Qc2 O-O 9. b4 Bxb4 10. O-O Re8 11. Rb1 Bd6 12. Nd4 Nb6 13. Bb2 Nc4 14. Qc1 Nxb2
15. Qxb2 Rb8 16. Rfc1 Bg4 17. Na4 Qa5 18. Qc2 Bh5 19. Bh3 Bg6 20. Nf5 Ne4 21.
Nc3 Nxc3 22. dxc3 Bf8 23. Qd2 d4 0-1

[Event "Tournoi Skype 028A"]
[Site "Skype"]
[Date "????.??.??"]
[Round "2.19"]
[White "Legueltel, Daniel"]
[Black "Violette, Didier"]
[Result "1/2-1/2"]
[WhiteElo "1753"]
[BlackElo "1520"]
[PlyCount "45"]

1. d4 Nf6 2. c4 c5 3. e3 e6 4. Nf3 d5 5. Nc3 Be7 6. Be2 O-O 7. O-O b6 8. cxd5
exd5 9. b3 Bb7 10. Bb2 Ne4 11. Rc1 Nd7 12. Qc2 Rc8 13. Rfd1 cxd4 14. Nxd4 Nxc3
15. Bxc3 Bb4 16. Qd2 Bxc3 17. Rxc3 Nc5 18. Bf3 Qf6 19. Rdc1 Qg6 20. b4 Ne4 21.
Bxe4 Qxe4 22. Rxc8 Rxc8 23. Rxc8+ 1/2-1/2